| 000 | 00942nam a2200229Ia 4500 | ||
|---|---|---|---|
| 008 | 191130s2008##################000#0#eng## | ||
| 020 | _a9780486466750 | ||
| 022 | _a2008021479 | ||
| 040 |
_aACL _cACL |
||
| 082 | _a512.9434 FIE | ||
| 100 | _aFiedler, Miroslav | ||
| 245 |
_aSpecial matrices and their applications in numerical mathematics _cMiroslav Fiedler |
||
| 250 | _a2nd ed | ||
| 260 |
_aMineola, NY _bDover Publications _c2008 |
||
| 300 | _axiii, 364 p. : ill. ; 22 cm | ||
| 500 | _aTranslation of: Speciální matice a jejich použití v numerické matematice. Originally published: Dordrecht ; Boston : Martinus Nijhoff Publishers ; Hingham, MA, USA : Distributors for the U.S. and Canada, Kluwer Boston, 1986.Includes bibliographical references (p. 355-359) and index | ||
| 650 | _aMatrices | ||
| 650 | _aNumerical analysis | ||
| 990 | _a48c87c12ac10000c01e2320dffc9ebf8 | ||
| 991 | _a164021 | ||
| 999 |
_c287700 _d287700 |
||